01122nam a2200277 i 4500003000900000005001700009007000300026008004100029040003000070082002000100100005000120245006700170264003900237300002600276336002700302337003400329338002800363500006000391504003100451590002700482910001400509942001400523952012500537952016700662999001500829DO-SdBNP20240304185510.0ta090708s1999 dr r 001 0 spa d aDO-SdBNPbspacBNPHUerda axxxx222bS583e1 a Silié Gatón, José A., d1920-2014974710aÉtica del Ministerio Público / :bJosé A. Silie Gatón. aSanto Domingo:bCentenario,c1999. a332 páginasc21 cm. 2rdacontentatextobtxt 2rdamediaasin mediación bn 2rdacarrieravolumenbnc aContiene referencia histórica en las paginas 225-230. aBibliografía p: 231-232  aInventariado, 2023/ YL aYLockward 2ddccLBS1 00102ddc51708PDaBNPHUbBNPHUcHDd2009-07-08iLF1l0oS583e p2023-5140r2020-06-25w2020-06-25yLBS1ZNo se presta 00102ddc51708PDaBNPHUbBNPHUcHDd2023-03-31eAna Teresa Pérez iLF1l0oS583e p2023-5142r2023-08-02te. 2w2020-06-25yLBS1zAutografiado por el autor.  c3168d3168